Development and Cooperation: Contribution to Development Policy . (Record no. 2876)

MARC details
000 -LEADER
fixed length control field 00421nam a22001217a 4500
005 - DATE AND TIME OF LATEST TRANSACTION
control field 20200924164508.0
008 - FIXED-LENGTH DATA ELEMENTS--GENERAL INFORMATION
fixed length control field 200924b ||||| |||| 00| 0 eng d
020 ## - INTERNATIONAL STANDARD BOOK NUMBER
International Standard Book Number 07236980
040 ## - CATALOGING SOURCE
Transcribing agency CML
245 ## - TITLE STATEMENT
Title Development and Cooperation: Contribution to Development Policy .
Statement of responsibility, etc. Development and Cooperation (D+C)
260 ## - PUBLICATION, DISTRIBUTION, ETC.
Place of publication, distribution, etc. German
Name of publisher, distributor, etc. Development and Cooperation (D+C)
Date of publication, distribution, etc. 1987
942 ## - ADDED ENTRY ELEMENTS (KOHA)
Source of classification or shelving scheme Dewey Decimal Classification
Koha item type Books
Classification part 050.96
Call number suffix DIC
Holdings
Withdrawn status Lost status Source of classification or shelving scheme Damaged status Not for loan Home library Current library Date acquired Total Checkouts Full call number Date last seen Price effective from Koha item type
    Dewey Decimal Classification     Chalimbana Main Library Chalimbana Main Library 09/24/2020   050.96 DIC 09/24/2020 09/24/2020 Books

Powered by Koha